000 00823cam a22002533a 4500
001 21216
003 PGUSA
005 20140828083442.0
008 070425s2007||||xxu|||||s|||||000 1 eng d
040 _aPGUSA
_beng
042 _adc
050 4 _aPZ
100 1 _aBewsher, M. E.,
_cMrs
245 1 0 _aCatharine's Peril, or The Little Russian Girl Lost in a Forest :
_bAnd other stories
_h[electronic resource] /
_cM. E., Bewsher
260 _bProject Gutenberg,
_c2007
506 _aPublic domain in the USA.
516 _aElectronic text
653 _aGenerosity -- Juvenile fiction
653 _aNapoleonic Wars, 1800-1815 -- Campaigns -- Russia -- Juvenile fiction
653 _aRussia -- Juvenile fiction
830 0 _aProject Gutenberg
_v21216
856 4 0 _uhttp://www.gutenberg.org/ebooks/21216
942 _cEB
999 _c250471
_d250471